| 000 | 00766nam a22001337a 4500 | ||
|---|---|---|---|
| 008 | 110616t xxu||||| |||| 00| 0 eng d | ||
| 010 | _aCACAF47 | ||
| 245 | _aCourt of Appeal Criminal Appeal No. 279 OF 2002 Owere Joseph Vs Uganda | ||
| 260 | _c2002 | ||
| 500 | _aCoram: Hon. Justice A.E.N. Mpagi-Bahigeine, JA Hon. Justice C.N.B. Kitumba, JA Hon. Justice C.K. Byamugisha, JA | ||
| 500 | _aAppeal from the judgement of the High Court of Uganda sitting at Tororo Rugadya-Atwoki J dated 8th April 2002 in Criminal Session Case No. 143/01 | ||
| 999 |
_c3158 _d3158 |
||